| 000 | 00993nam a2200265Ia 4500 | ||
|---|---|---|---|
| 003 | OSt | ||
| 005 | 20221005110509.0 | ||
| 006 | a|||||r|||| 00| 0 | ||
| 007 | ta | ||
| 008 | 221004b |||||||| |||| 00| 0 hin d | ||
| 020 |
_a8121402840 _c100 |
||
| 024 | _a82600 | ||
| 037 |
_b646, 30/03/2005, Indraprastha Books & Periodicals _cTextual |
||
| 040 |
_aCRL _cCRL _bhin |
||
| 041 |
_2hin _ahin |
||
| 082 | _aO152,6N11x, L8;P5 | ||
| 100 | _aवात्स्यायन, सच्चिदानन्द | ||
| 245 | 0 | _aसंवत्सर | |
| 246 | _aSanvatsara | ||
| 260 |
_aनई दिल्ली _bनेशनल पब्लिशिंग हाउस भारत _c2005 |
||
| 300 |
_a138पृ0 _ccm. |
||
| 650 | _aहिन्दी साहित्य | ||
| 942 |
_hO152,6N11x, L8;P5 _cTEXL _2cc |
||
| 999 |
_c1019011 _d1019011 |
||